Química 2; dinámica de las transformaciones. introducción a la química biológica, ambiental e industrial /
Guardado en:
| Autor Principal: | |
|---|---|
| Formato: | Libro |
| Publicado: |
Buenos Aires :
Santillana,
1999
|
| Materias: | |
| Etiquetas: |
Agregar Etiqueta
Sin Etiquetas, Sea el primero en etiquetar este registro!
|
| LEADER | 00780nam a22002175a 4500 | ||
|---|---|---|---|
| 001 | CEM.cems016436 | ||
| 005 | 20130314172959.0 | ||
| 008 | 130507s1999##################000#0#####d | ||
| 003 | CEMS | ||
| 020 | |a 950460577X | ||
| 082 | 0 | 4 | |a 547 |
| 100 | 1 | |a Alegría, Mónica P. | |
| 245 | 1 | 0 | |a Química 2; dinámica de las transformaciones. introducción a la química biológica, ambiental e industrial / |c Mónica P. Alegría, Alejandro S. Bosack y Otros |
| 260 | |a Buenos Aires : |b Santillana, |c 1999 | ||
| 300 | |a 400 p. | ||
| 653 | |a Química | ||
| 653 | |a Química-polimodal | ||
| 653 | |a Química biológica | ||
| 653 | |a Química ambiental | ||
| 859 | |a CEMS |b BIB. CEMS - Agricultura |h 547 |i Al251 |p A00006.00 |t Ej.2 |v 2 |3 2 | ||
| 859 | |a CEMS |b BIB. CEMS - Agricultura |h 547 |i Al251 |p A20396.99 |t Ej.1 |v 2 |3 2 | ||
